Cerca de un acuerdo...¿cerca de la paz?: el laberinto de las negociaciones en Colombia /
Salvato in:
| Autore principale: | |
|---|---|
| Natura: | testo |
| Tags: |
Aggiungi Tag
Nessun Tag, puoi essere il primo ad aggiungerne!!
|
MARC
| LEADER | 00000 a a2200000 04500 | ||
|---|---|---|---|
| 001 | 48772 | ||
| 003 | |||
| 040 | |||
| 100 | |a Niño, Catalina | ||
| 245 | |a Cerca de un acuerdo...¿cerca de la paz?: |b el laberinto de las negociaciones en Colombia / |c Catalina Niño | ||
| 773 | |a número257, (2015), páginas 4-14 | ||
| 999 | |c 37869 |d 37869 | ||
